000 00294nam a2200121Ia 4500
008 210430s9999 xx 000 0 und d
082 _a155.93 M8271A
100 _aLord Moran
_954585
245 4 _aThe Anatomy of Courage /
_cLord Moran
260 _aLondon
300 _a216
942 _cBK
_2ddc
999 _c565211
_d565211